NBA Players Nicknames - Statistics

General Stats
  • This quiz has been taken 13 times
  • The average score is 21 of 26
Answer Stats
Nickname Player % Correct
Air Jordan Michael Jordan
100%
The Admiral David Robinson
92%
Magic Earvin Johnson
92%
Dr. J Julius Erving
92%
Black Mamba Kobe Bryant
92%
Uncle Drew Kyrie Irving
92%
Grandmama Larry Johnson
92%
King Lebron James
92%
Vinsanity Vince Carter
92%
The Answer Allen Iverson
83%
The Glide Clyde Drexler
83%
Greek Freak Giannis Antetokounmpo
83%
The Dream Hakeem Olajuwon
83%
White Chocolate Jason Williams
83%
The Mailman Karl Malone
83%
Big Ticket Kevin Garnett
83%
The Worm Dennis Rodman
75%
Human Highlight Film Dominique Wilkins
75%
Zeke Isiah Thomas
75%
The Truth Paul Pierce
75%
Flash Dwayne Wade
67%
The Glove Gary Payton
67%
Slim Reaper Kevin Durant
67%
Boogie Demarcus Cousins
58%
Jesus Shuttlesworth Ray Allen
58%
Reignman Shawn Kemp
50%
No matching quizzes found
Score Distribution
Percent of People with Each Score
Percentile by Number Answered
Your Score History
You have not taken this quiz